000 00328nam a22001457a 4500
008 210308b ||||| |||| 00| 0 eng d
020 _a9780766802964
041 _aeng
080 _27th
_a612.39
082 _a612.39
100 _a10
101 _aNUT
245 _aNutrition & Diet Therapy
_cTownsend, C.E
942 _2udc
_cBK
999 _c56022
_d56022